Все игровые персонажи Genshin Impact - версия 6.4 - Statistics

General Stats
  • This quiz has been taken 971 times
    255 since last reset
  • The average score is 80 of 113
Answer Stats
Регион Элемент Оружие Персонаж % Correct
Монштадт пиро лук Эмбер
98%
Монштадт пиро двуручный меч Дилюк
95%
Монштадт электро катализатор Лиза
94%
Монштадт гидро катализатор Барбара
92%
Монштадт анемо лук Венти
91%
Монштадт гидро катализатор Мона
90%
Монштадт электро лук Фишль
89%
Монштадт пиро одноручный меч Беннет
89%
Монштадт анемо катализатор Сахароза
89%
Монштадт анемо одноручный меч Джинн
89%
Монштадт анемо двуручный меч Варка
89%
Монштадт крио одноручный меч Кэйа
85%
Монштадт электро двуручный меч Рэйзор
84%
Монштадт гео одноручный меч Альбедо
84%
Монштадт крио двуручный меч Эола
84%
Ли Юэ гео копьё Чжун Ли
84%
Монштадт пиро катализатор Кли
83%
Монштадт гео двуручный меч Ноэлль
82%
Монштадт крио копьё Розария
82%
Ли Юэ гидро одноручный меч Син Цю
82%
Фонтейн гидро одноручный меч Фурина
82%
Монштадт крио копьё Мика
80%
Ли Юэ гео катализатор Нин Гуан
80%
Ли Юэ анемо копьё Сяо
80%
Инадзума гео лук Горо
80%
Инадзума гео двуручный меч Итто
80%
Сумеру дендро лук Тигнари
80%
Нод-Край электро копьё Флинс
80%
Ли Юэ крио одноручный меч Ци Ци
79%
Натлан пиро двуручный меч Мавуика
79%
Сумеру дендро катализатор Нахида
78%
Фонтейн пиро лук Лини
78%
Фонтейн крио катализатор Ризли
78%
Нод-Край дендро катализатор Нефер
78%
Снежная гидро лук Тарталья
78%
Инадзума пиро копьё Тома
77%
Инадзума электро катализатор Яэ Мико
77%
Сумеру дендро двуручный меч Кавех
77%
Ли Юэ электро двуручный меч Бэй Доу
76%
Ли Юэ крио лук Гань Юй
76%
Ли Юэ пиро копьё Ху Тао
76%
Инадзума электро копьё Райдэн
76%
Инадзума гидро одноручный меч Аято
76%
Сумеру пиро двуручный меч Дэхья
76%
Натлан гидро катализатор Муалани
76%
Нод-Край гидро двуручный меч Айно
76%
Ли Юэ пиро копьё Сян Лин
75%
Ли Юэ электро одноручный меч Кэ Цин
75%
Инадзума крио копьё Аяка
75%
Сумеру электро копьё Сайно
75%
Сумеру дендро одноручный меч Аль-Хайтам
75%
Натлан дендро двуручный меч Кинич
75%
Снежная пиро копьё Арлекино
75%
Инадзума анемо одноручный меч Кадзуха
74%
Нод-Край дендро катализатор Лаума
74%
Монштадт крио лук Диона
73%
Инадзума электро лук Сара
73%
Фонтейн гео двуручный меч Навия
73%
Натлан анемо лук Часка
73%
Ли Юэ дендро копьё Яо Яо
72%
Снежная гидро катализатор Коломбина
72%
Ли Юэ крио двуручный меч Чун Юнь
71%
Инадзума гидро катализатор Кокоми
70%
Сумеру дендро лук Коллеи
70%
Фонтейн электро одноручный меч Клоринда
70%
Натлан гео одноручный меч Шилонен
70%
Натлан электро лук Оророн
70%
Бездна крио одноручный меч Скирк
70%
Натлан гео копьё Качина
69%
Натлан крио катализатор Ситлали
68%
Натлан электро катализатор Вареса
68%
Нод-Край электро копьё Инеффа
68%
Снежная анемо катализатор Странник
68%
Инадзума анемо двуручный меч Саю
67%
Фонтейн гидро катализатор Нёвиллет
67%
Сумеру гидро копьё Кандакия
66%
Нод-Край анемо лук Ягода
66%
Монштадт пиро одноручный меч Дурин
65%
Ли Юэ пиро катализатор Янь Фэй
64%
Ли Юэ гидро лук Е Лань
64%
Сумеру анемо лук Фарузан
64%
Фонтейн анемо одноручный меч Линетт
64%
Натлан анемо катализатор Ифа
64%
Ли Юэ крио копьё Шэнь Хэ
63%
Сумеру гидро одноручный меч Нилу
63%
Нод-Край гео копьё Иллуги
63%
отсутствует универсальный одноручный меч Путешественник
63%
отсутствует крио лук Элой
63%
Ли Юэ пиро двуручный меч Синь Янь
61%
Ли Юэ пиро двуручный меч Ка Мин
61%
Ли Юэ гео одноручный меч Цзы Бай
61%
Ли Юэ дендро катализатор Бай Чжу
59%
Инадзума анемо катализатор Мидзуки
59%
Сумеру электро лук Сетос
59%
Фонтейн крио двуручный меч Фремине
59%
Фонтейн крио катализатор Шарлотта
59%
Фонтейн крио копьё Эскофье
58%
Монштадт гидро одноручный меч Далия
57%
Сумеру электро двуручный меч Дори
57%
Фонтейн гидро лук Сиджвин
57%
Инадзума гео одноручный меч Тиори
56%
Фонтейн дендро копьё Эмилия
56%
Натлан электро копьё Иансан
56%
Инадзума анемо катализатор Хэйдзо
55%
Инадзума пиро лук Ёимия
54%
Инадзума электро одноручный меч Синобу
54%
Сумеру крио одноручный меч Лайла
52%
Фонтейн пиро копьё Шеврёз
52%
Ли Юэ анемо катализатор Сянь Юнь
49%
Ли Юэ гео копьё Юнь Цзинь
48%
Инадзума дендро одноручный меч Кирара
48%
Ли Юэ анемо катализатор Лань Янь
47%
отсутствует универсальный одноручный меч Манекен
16%
No matching quizzes found
Score Distribution
Percent of People with Each Score
Percentile by Number Answered
Your Score History
You have not taken this quiz since the last reset